00860nam a2200217 a 450000100100000000500170001000800410002702000150006804000250008308200080010810000430011624501560015925000110031526000480032630000210037470000440039570000390043970000390047895201080051799900170062500003966920240306164224.0130715s1996 sp 000 0 spa d a840137569X aDO-SdBNPbspacBNPHU axxx1 aApuleyo Mendoza, Plinio,d1932-96586010aManual del perfecto idiota latinoamericano /cPlinio Apuleyo Mendoza, Carlos Alberto Montaner, Alvaro Vargas Llosa ; presentación Mario Vargas Llosa. a3a ed. aBarcelona :bPlaza & Janes Editores,c1996. a318 p. ;c22 cm.1 aMontaner, Carlos Alberto,d1943-9324551 aVargas Llosa, Alvarod1966-9658611 aVargas Llosa, Mario,d1936-912567 001050718MOaGRbGRcCTd2013-07-15iLF1l0oxxx p39669-10r2020-06-25w2020-06-25y1ZNo se presta c39159d39159